LDR 00631nam a2200181 i 4500 001 000000103101 003 CaOOAMICUS 005 20260408093639.0 008 010914s1994 it u000 u ita u 040 $aSeMil$bita 245 10$a17: Robb-Schi. 300 $a1043 p. 773 0 $aBattaglia, Salvatore <1904-1971>$tGrande dizionario della lingua italiana.$dTorino : UTET, 1961-2009.$g17$w()6614 850 $aSeMil 852 $aSeMil$W1$xVenegono$y1$mSL1.A V 17$j269846$B59562$CSeMilBibl$Z2$F44051 $8I 961 $aSottoscrizione: UTET (Agente) 996 $6245$a17: Robb-Schi$9(OLS)http://semarc/title/149842